• 首页
  • 本馆介绍
  • 公告通知
  • 最新文献
  • 馆藏检索
  • 电子资源
  • 读者导购
  • 参考咨询
  • 我的图书馆
  • 登录
  • 详细信息显示
  • 放入我的书架
  • 预约/预借图书
  • 作者相关作品
  • 分类相关作品
  • 丛书相关作品
  • 出版社相关作品

书目信息

  • 表格格式
  • 工作单格式
  • 卡片格式
题名:
眼耳鼻咽喉口腔科护理学
    
 
作者: 陈燕燕 主编
分册:  
出版信息: 北京   人民卫生出版社  2006
页数: 199页
开本: 26cm
丛书名:
单 册:
中图分类: R473.76
科图分类:
主题词: 五官科学--护理学--高等教育--教材
电子资源:
ISBN: 7-117-07309-8
000 00902nam0 2200253 450-
001 0101231261
005 20060317140741.0
010    @a7-117-07309-8@dCNY20.00
011    @a7-117-07309-8
100    @a20060104d2006 em y0chiy0120 ea
101 0  @achi
102    @aCN@b110000
105    @aa z 000yy
106    @ar
200 1  @a眼耳鼻咽喉口腔科护理学@9Yan Er Bi Yan;Ye Hou Kou Qiang Ke Hu Li Xue @f陈燕燕主编@b专著
210    @a北京@c人民卫生出版社@d2006
215    @a199页@c图@d26cm
300    @a全国高等医药教材建设研究会·卫生部规划教材·全国高等学校教材 供高职高专护理专业用
330    @a本书的第一、二、三章为眼科护理学内容;第四、五、六章为耳鼻咽喉科护理学内容;第七、八、九章为口腔科护理学内容。
606 0  @a五官科学@x护理学@x高等教育@j教材
690    @aR473.76@v4
701  0 @a陈燕燕@4主编@9chen yan yan
801  0 @aCN@bAZmarc@c20230901
905    @aBZT@dR473.76@e1@f13@sR473.76/1
    
    眼耳鼻咽喉口腔科护理学/陈燕燕主编.-北京:人民卫生出版社,2006
    199页:图;26cm
    全国高等医药教材建设研究会·卫生部规划教材·全国高等学校教材 供高职高专护理专业用
    
    ISBN 7-117-07309-8:CNY20.00
    本书的第一、二、三章为眼科护理学内容;第四、五、六章为耳鼻咽喉科护理学内容;第七、八、九章为口腔科护理学内容。
●
相关链接 在五车中查询图书 在当当中查询图书 在豆瓣中查询图书


正题名:眼耳鼻咽喉口腔科护理学     索取号:R473.76/1         预约/预借

序号 登录号 条形码 馆藏地/架位号 状态 备注
1 2000060454   2000060454   旧书回溯/ [索取号:R473.76/1] 在馆    
2 2000060455   2000060455   旧书回溯/ [索取号:R473.76/1] 在馆    
3 2000060456   2000060456   旧书回溯/ [索取号:R473.76/1] 在馆    
4 2000060457   2000060457   旧书回溯/ [索取号:R473.76/1] 在馆    
5 2000067243   2000067243   旧书回溯/ [索取号:R473.76/1] 在馆    
6 2000067244   2000067244   旧书回溯/ [索取号:R473.76/1] 在馆    
7 2000067245   2000067245   旧书回溯/ [索取号:R473.76/1] 在馆    
8 2000067246   2000067246   旧书回溯/ [索取号:R473.76/1] 在馆    
9 2000067247   2000067247   旧书回溯/ [索取号:R473.76/1] 在馆    
10 2000067248   2000067248   旧书回溯/ [索取号:R473.76/1] 在馆    
11 2000067249   2000067249   旧书回溯/ [索取号:R473.76/1] 在馆    
12 2000067250   2000067250   旧书回溯/ [索取号:R473.76/1] 在馆    
13 2000067929   2000067929   旧书回溯/ [索取号:R473.76/1] 在馆    
山东省滨州职业学院图书馆 欢迎您!
大连网信软件有限公司© 版权所有